000 00950nam a22003017a 4500
003 CHAP
005 20220329135051.0
008 971013s1982 r 00010 d
010 _a30380
011 _a31352
035 _a35464
040 _cCHAP
090 _aTesis
100 0 0 _aCoronado García, Gerardo.
_928137
245 _aUso del lirio acuático Eichhornia crassipes (Solms)
260 _aMarín, N.L. :
_bEl autor,
_c1982
300 _a16 h.
502 _aTesis (Ing. Agr. Fitotecnista) -- Univ. Autónoma de NUevo León. Fac. de Agronomía
590 _aALEPH
_b10
_c20130110
_lUCH01
_h1252
590 _aBATCH-UPD
_b10
_c20130110
_lUCH01
_h0035
590 _aBATCH-UPD
_b10
_c20130409
_lUCH01
_h2018
590 _aBATCH-UPD
_b10
_c20130914
_lUCH01
_h1050
590 _aCONVERSION
_b10
_c20130109
_lUCH01
_h1317
650 1 4 _aLirio acuático.
_967070
901 _aBK
942 _cTESIS
949 _bBC
_cTES
_d-81978
_eTS1
_h19133
_i35464
_si
999 _c30380
_d30380